000 00377nam a2200145Ia 4500
008 231019s9999 xx 000 0 und d
020 _a978-1787403925
082 _a657.3076
_bLYN-A
100 _aFoulks Lynch
245 0 _aACCA Applied Skills Financial Reporting Study Text
260 _aUK
_bKaplan Publishing
_c2019
300 _a706
650 _aAccounting
999 _c34562
_d34562